000 00280nam a22001097a 4500
008 260416b |||||||| |||| 00| 0 eng d
100 _aNHAMPOSSE, Alice
245 _aDesafios da Comunicação
260 _aNampula
_bDécada das palavras
_c2018
300 _a270p
942 _2udc
_cBK
999 _c56115
_d56114